000 00802nam a2200217Ii 4500
003 JO-AjNU
008 230605s9999||||xx |||||||||||||| ||und||
017 _a2017/5/2104
040 _aJO-AjNU
_bara
_erda
_cJO-AjNU
041 _aara
050 1 4 _aBP190.5.T72.Z3724 2019
100 3 _aالزركشي، بدر الدين محمد بن بهادر بن عبدالله تصنيف؛ أحمد مصطفى القضاة دراسة وتحقيق,
_eauthor
_958511
245 0 0 _aالغرر السوافر عما يحتاج إليه المسافر
250 _aط1
264 3 1 _aعمان: المؤلف، 2019
300 _a148ص
336 _atext
_btxt
_2rdacontent
337 _aunmediated
_bn
_2rdamedia
338 _avolume
_bnc
_2rdacarrier
650 4 _aالسفر - الفقه الإسلامي
_958512
999 _aA26279
_c29847
_d29847